| 000 | 00000nam##2200000za#4500 |
| 001 | 9.571460 |
| 003 | CaOODSP |
| 005 | 20240212132200 |
| 007 | cr ||||||||||| |
| 008 | 150406|2009||||xxc|||||o f|0| 0 eng|d |
| 022 | |a1917-506X |
| 040 | |aCaOODSP|beng |
| 043 | |an-cn--- |
| 086 | 1 |aNE4-2/4-2009E-PDF |
| 110 | 1 |aCanada. |bNational Energy Board. |
| 245 | 10|aUpdate to short-term Canadian natural gas deliverability, 2009-2011 |h[electronic resource] |
| 260 | |aCalgary - Alberta : |bNational Energy Board |cSeptember 2009. |
| 300 | |a15p.|bgraphs, tables |
| 490 | 1 |aEnergy briefing note |x1917-506X |
| 590 | |a12-29-Supp|b2012-06-25 |
| 775 | 08|tMise à jour - productivité à court terme de gaz naturel au Canada, 2009-2011 |w(CaOODSP)9.602061 |
| 830 | #0|aEnergy briefing note,|x1917-506X|w(CaOODSP)9.506460 |
| 856 | 40|ahttp://publications.gc.ca|qPDF|s931 KB|uhttps://publications.gc.ca/collections/collection_2011/one-neb/NE4-2-4-2009-eng.pdf |